Statistics for States that Beat Massachusetts

Click here to take the quiz!

General Stats

  • This quiz has been taken 6,151 times
  • The average score is 10 of 20

Answer Stats

Rank Hint Answer % Correct
7Smallest areaRhode Island | Delaware | Connecticut | New Jersey |
New Hampshire | Vermont
100%
4Birthplace of the most U.S. PresidentsVirginia | Ohio | New York
95%
2Easternmost capital cityMaine
85%
4Lowest % Donald Trump voters in 2016Hawaii | Vermont | California
83%
3Highest population densityNew Jersey | Rhode Island
79%
6Most populous capital cityArizona | Texas | Indiana | Ohio | Colorado
75%
5Lowest % of area is farm or ranch landAlaska | Maine | New Hampshire | Nevada
72%
4Most "horizontal" shape
(average width / average height)
Tennessee | North Carolina | Kentucky
67%
3Most signers of the Declaration of IndependencePennsylvania | Virginia
62%
3Longest name
(using official JetPunk names)
North Carolina | South Carolina
51%
4Highest median incomeMaryland | New Jersey | Hawaii
45%
4Longest average commute timesMaryland | New York | New Jersey
37%
2Earliest date of English settlementVirginia
29%
2Most populous city named SpringfieldMissouri
26%
3Oldest state capital by first date of
European settlement
New Mexico | New York
22%
3Least religiousVermont | New Hampshire
22%
2Lowest obesity rateColorado
20%
2Highest percent CatholicRhode Island
19%
2Fewest traffic fatalities per capitaNew York
16%
2Most lighthousesMichigan
14%

Score Distribution

Percentile by Number Answered

Percent of People with Each Score

Your Score History

You have not taken this quiz